00737cam a2200241 i 45000010008000000030009000080050017000170080041000340100017000750200012000920400023001040430021001270500016001480820013001642450067001772600032002443000027002765040051003036500024003546510036003786510041004147000040004554660454BDDh-ASL20231015025719.0791029s1979 ii b 001 0 eng  a 79901842  cRs75.00 aDLCcDLCdBDDh-ASL aa------aa-ii---00aDS445b.T7300a954bMOT00aTradition and politics in South Asia /cedited by R. J. Moore. aNew Delhi :bVikas,cc1979. axxii, 266 p. ;c22 cm. aIncludes bibliographical references and index. 0aHindu civilization. 0aIndiaxPolitics and government. 0aSouth AsiaxPolitics and government.1 aMoore, R. J.q(Robin James),d1934-